Družstvo a niektoré prístupy k zdaneniu členov družstva
Družstvo ako právnická osoba. Členstvo v družstve. Ustanovujúca schôdza. Orgány družstva. Kontrolná komisia. Vznik družstva, prevod členských práv, zánik členstva. Povinne vytvárané fondy. Ročná účtovná uzávierka. Podiel na zisku a obdobné plnenia z členstva v družstvách. Vyrovnací podiel. Zrušenie...
Gespeichert in:
| 1. Verfasser: | |
|---|---|
| Format: | Buchkapitel |
| Sprache: | Slowakisch |
| Schlagworte: | |
| Tags: |
Keine Tags, Fügen Sie das erste Tag hinzu!
|
MARC
| LEADER | 00000naa a2200000 4500 | ||
|---|---|---|---|
| 001 | r035824 | ||
| 005 | 20230919090058.5 | ||
| 041 | 0 | |a slo | |
| 044 | |a SK | ||
| 245 | 1 | 0 | |a Družstvo a niektoré prístupy k zdaneniu členov družstva |c Daniel Jánoš |
| 520 | |a Družstvo ako právnická osoba. Členstvo v družstve. Ustanovujúca schôdza. Orgány družstva. Kontrolná komisia. Vznik družstva, prevod členských práv, zánik členstva. Povinne vytvárané fondy. Ročná účtovná uzávierka. Podiel na zisku a obdobné plnenia z členstva v družstvách. Vyrovnací podiel. Zrušenie a likvidácia družstva. Zlúčenie, splynutie alebo rozdelenie družstva. Družstvo ako platiteľ dane. | ||
| 610 | 2 | 0 | |a družstvá |
| 610 | 2 | 0 | |a osoby právnické |
| 610 | 2 | 0 | |a zdaňovanie |
| 610 | 2 | 0 | |a stanovy |
| 610 | 2 | 0 | |a schôdze |
| 610 | 2 | 0 | |a predstavenstvo |
| 610 | 2 | 0 | |a uzávierka ročná |
| 610 | 2 | 0 | |a podiely na zisku |
| 610 | 2 | 0 | |a likvidácia |
| 100 | 1 | |a Jánoš, Daniel | |